Dragon Assassin/ (Record no. 202914)

MARC details
000 -LEADER
fixed length control field 00514 a2200205 4500
005 - DATE AND TIME OF LATEST TRANSACTION
control field 20240517113923.0
010 ## - LCCN (DPL NO)
LC control number B-759077
020 ## - INTERNATIONAL STANDARD BOOK NUMBER
International Standard Book Number 9789354710612
Terms of availability 399.00
035 ## - SYSTEM CONTROL NUMBER
System control number B-759077
037 ## - SOURCE OF ACQUISITION
Source of stock number/acquisition Gift/10.5.24
082 ## - DEWEY DECIMAL CLASSIFICATION NUMBER
Classification number N
100 ## - MAIN ENTRY--PERSONAL NAME
Personal name Slade, Arthur
245 ## - TITLE STATEMENT
Title Dragon Assassin/
Remainder of title Arthur Slade
260 ## - PUBLICATION, DISTRIBUTION, ETC. (IMPRINT)
Place of publication, distribution, etc UK
Name of publisher, distributor, etc Scholastic
Date of publication, distribution, etc 2022
270 ## - ADDRESS
Address UK
300 ## - PHYSICAL DESCRIPTION
Extent 356 p.
Dimensions 20cm (Pb)
700 ## - ADDED ENTRY--PERSONAL NAME
9 (RLIN) 66089
942 ## - ADDED ENTRY ELEMENTS (KOHA)
Institution code [OBSOLETE] dpl
Item type Children Books
Source of classification or shelving scheme Dewey Decimal Classification
Classification part N
Call number suffix SLA
Holdings
Withdrawn status Lost status Not for loan Collection code Home library Current library Date acquired Source of acquisition Cost, normal purchase price Full call number Barcode Copy number Cost, replacement price Koha item type Public note
      Fiction Ashok Vihar Ashok Vihar 17/05/2024 Gift/10.5.24 399.00 N SLA B-759077 1 399.00 Children Books Gift

© Delhi Public Library
Hit Counter
free hit counter